Southville International School and Colleges
Your cart is empty.
  • Cart
  • Lists
    Public lists Eva Luna New books Lux_list list_1
    Your lists Log in to create your own lists
  • Log in to your account
  • Your cookies
  • Search history
Southville International School and Colleges
  • Advanced search
  • Recent comments
  • Most popular
  • Libraries

Log in to your account

Log in with GOOGLE


If you do not have an external account, but do have a local account, you can still log in:

  1. Home
  2. MARC view: The adventures of Marco Polo /
Normal view MARC view ISBD view

The adventures of Marco Polo / (Record no. 110406)

[ view plain ]
MARC details
000 -LEADER
fixed length control field 00690nam a2200193 a 4500
005 - DATE AND TIME OF LATEST TRANSACTION
control field 20140414131855.0
008 - FIXED-LENGTH DATA ELEMENTS--GENERAL INFORMATION
fixed length control field 100817s19uu xx 00 eng d
050 ## - LIBRARY OF CONGRESS CALL NUMBER
Classification number M 910.4
Item number F87 2006
100 ## - MAIN ENTRY--PERSONAL NAME
Personal name Freedman, Russel
245 ## - TITLE STATEMENT
Title The adventures of Marco Polo /
Statement of responsibility, etc by Russel Freedman ; illustrated by Bagram Ibatoulline.
250 ## - EDITION STATEMENT
Edition statement 1st American Ed
260 ## - PUBLICATION, DISTRIBUTION, ETC. (IMPRINT)
Place of publication, distribution, etc New York :
Name of publisher, distributor, etc Scholastic,
Date of publication, distribution, etc 2006.
650 ## - SUBJECT ADDED ENTRY--TOPICAL TERM
Topical term or geographic name as entry element Polo, Marco, 1254-1323?
General subdivision Pictorial works
650 ## - SUBJECT ADDED ENTRY--TOPICAL TERM
Topical term or geographic name as entry element Explorers
General subdivision Italy
-- Biography
-- Pictorial works
650 ## - SUBJECT ADDED ENTRY--TOPICAL TERM
Topical term or geographic name as entry element Story telling
General subdivision pictorial works.
650 ## - SUBJECT ADDED ENTRY--TOPICAL TERM
Topical term or geographic name as entry element Travel, Medieval
General subdivision Pictorial works
650 ## - SUBJECT ADDED ENTRY--TOPICAL TERM
Topical term or geographic name as entry element Asia
General subdivision Description and travel
-- pictorial works.
Holdings
Withdrawn status Lost status Damaged status Home library Current library Shelving location Date acquired Total Checkouts Full call number Barcode Date last seen Price effective from Koha item type
      Munich Library Munich Library Main Section 08/17/2010   M 910.4 F87 2006 M0800 04/14/2014 04/14/2014 Books

The adventures of Marco Polo /

APA

Freedman R., . (2006). The adventures of Marco Polo. New York: Scholastic.

Chicago

Freedman Russel, . 2006. The adventures of Marco Polo. New York: Scholastic.

Harvard

Freedman R., . (2006). The adventures of Marco Polo. New York: Scholastic.

MLA

Freedman Russel, . The adventures of Marco Polo. New York: Scholastic. 2006.

  • Place hold
  • Print
  • Cite
  • Add to your cart (remove)
  • Save record
    BIBTEX Dublin Core MARCXML MARC (non-Unicode/MARC-8) MARC (Unicode/UTF-8) MARC (Unicode/UTF-8, Standard) MODS (XML) RIS
  • More searches
    Search for this title in:
    Other Libraries (WorldCat) Other Databases (Google Scholar) Online Stores (Bookfinder.com) Open Library (openlibrary.org)

Exporting to Dublin Core...

SOUTHVILLE LIBRARY

Southville International School and Colleges Library

1281 Tropical Ave. Cor. Luxembourg St., BF Homes International, Las Pinas City

Tel. No. 8256374 / 252358 Loc. 117/146

Powered by Koha